000 00547cam a2200205ua 4500
020 _a0-7069-8404-8
_c85.00
041 _aeng
_h
082 _a519.72
_bCHA/ES
100 _aChandan, Jit S .
245 _aEssentials of linear programming /
_cJit S Chandan.
_hTextual Documents
260 _aNew Delhi :
_bVikas publishing house pvt ltd ,
_c1996.
300 _a283 ; .
365 _a85.00
504 _a
700 1 _aKawatra, Mahendra P .
700 1 _aKim, Ki Ho .
942 _cBK
999 _c7384
_d7384